Vista normal
Vista MARC
Entrada Personal Name
Número de registros utilizados en: 1
001 - CONTROL NUMBER
- control field: 18104
003 - CONTROL NUMBER IDENTIFIER
- control field: DLC
005 - DATE AND TIME OF LATEST TRANSACTION
- control field: 20260515102253.0
008 - FIXED-LENGTH DATA ELEMENTS
- fixed length control field: 050914n| acannaabn |n aaa
010 ## - LIBRARY OF CONGRESS CONTROL NUMBER
- LC control number: n 2005068538
040 ## - CATALOGING SOURCE
- Original cataloging agency: DLC
- Language of cataloging: spa
- Transcribing agency: Mx-PuUPA
- Modifying agency: Mx-PuUPA
- Description conventions: rda
046 ## - SPECIAL CODED DATES
- Birth date: 1963
100 1# - HEADING--PERSONAL NAME
- Personal name: Eisen, Arri,
- Dates associated with a name: 1963-
374 ## - OCCUPATION
- Occupation: Editor
375 ## - GENDER
- Gender: hombre
377 ## - ASSOCIATED LANGUAGE
- Language code: spa
670 ## - SOURCE DATA FOUND
- Source citation: Science, religion, and society, 2006-:
- Information found: ECIP t.p. (Arri Eisen) data view (Eisen, Arri; b. Mar. 6, 1963)